000 01223nam a2200313 a 4500
001 ebr10522165
003 CaPaEBR
006 m u
007 cr cn|||||||||
008 120118s2012 maua sb 001 0 eng d
020 _z9781608072132
020 _z9781608072149 (e-book)
040 _aCaPaEBR
_cCaPaEBR
035 _a(OCoLC)778432484
050 1 4 _aTS517
_b.R63 2012eb
100 1 _aRobertson, Max.
245 1 0 _aSubstrate surface preparation handbook
_h[electronic resource] /
_cMax Robertson.
260 _aBoston :
_bArtech House,
_c2012.
300 _a195 p. :
_bill.
490 1 _aArtech House applied photonics series
504 _aIncludes bibliographical references and index.
533 _aElectronic reproduction.
_bPalo Alto, Calif. :
_cebrary,
_d2013.
_nAvailable via World Wide Web.
_nAccess may be limited to ebrary affiliated libraries.
650 0 _aOptical materials
_xSurfaces.
650 0 _aGlass grinding and polishing.
655 7 _aElectronic books.
_2local
710 2 _aebrary, Inc.
830 0 _aArtech House applied photonics series.
856 4 0 _uhttp://site.ebrary.com/lib/rucke/Doc?id=10522165
_zAn electronic book accessible through the World Wide Web; click to view
999 _c141860
_d141860